000 00456nam a2200169Ia 4500
005 20250326124011.0
008 250326s9999 xx 000 0 und d
037 _aTextbook
040 _aFMSL
_beng
_cFMSL
041 _aeng
_2eng
084 _aX K7-1
_qFMSL
245 0 _aSurveys of economic theory: money, interest, and welfare
260 _aNY
_bNY, Macmillan
_c1967
300 _a222p
942 _cTB
_hX K7-1
999 _c1271833
_d1271833